000
00323nam a22001457a 4500
008
210308b ||||| |||| 00| 0 eng d
020
_a
0153623802
041
_a
eng
080
_2
3th
_a
541
082
_2
3th
_a
541
100
_a
12
101
_a
KIM
245
_a
Concepts in Chemistry
_c
Greenstone,W.A
942
_2
udc
_c
BK
999
_c
55951
_d
55951